|
|
|
|
| LEADER |
00000naa a2200000 a 4500 |
| 001 |
vtls011849291 |
| 003 |
SK-MaSNL |
| 005 |
20260302143500.0 |
| 008 |
210910|2014 xo |||||||||||||||||slo| |
| 015 |
|
|
|a SNBCL
|
| 035 |
|
|
|a (urnnbn)urn:nbn:sk:snk:ar-a0aqo3
|
| 035 |
|
|
|a urn:nbn:sk:snk-aaw4pg
|
| 035 |
|
|
|a (uuid)f034bdbd-069b-42e3-bbb0-402fdd38f52e
|
| 040 |
|
|
|a SNKBUCL
|b slo
|c SNKBUCL
|e AACR2
|
| 041 |
|
|
|a slo
|
| 044 |
|
|
|a xo
|c SK
|
| 100 |
1 |
|
|a Krkoška, Pavel,
|d 1936-
|4 aut
|9 125879
|
| 245 |
1 |
0 |
|a Stálosť a trvanlivosť zirkóniových derivátov celulózy buničinových vlákien a papiera
|c Pavel Krkoška, Jozef Hanus, Martina Kováčová
|
| 336 |
|
|
|a text
|b txt
|c rdacontent
|
| 337 |
|
|
|a bez média
|b n
|c rdamedia
|
| 338 |
|
|
|a zväzok
|b nc
|c rdacarrier
|
| 655 |
|
7 |
|a články zo zborníkov
|2 snkbucl
|9 166140
|
| 700 |
1 |
|
|a Hanus, Jozef,
|d 1949-
|4 aut
|
| 700 |
1 |
|
|a Kováčová, Martina
|4 aut
|9 267936
|
| 773 |
0 |
|
|t Wood, Pulp & Paper. Polygrafia Academica 2014
|d Bratislava : Slovenská chemická knižnica FCHPT STU, 2014
|g S. 373-379
|z 9788089597161
|
| 958 |
|
|
|a OND
|
| 958 |
|
|
|a article26
|
| 958 |
|
|
|a chapter
|
| 999 |
|
|
|c 1344744
|d 1346674
|